LEADER 00860nam a2200253 i 4500 001 991004030099707536 008 081113s2007 it 001 0 ita d 020 $a9788850652563 035 $ab13788917-39ule_inst 040 $aDi.S.Te.B.A.$beng 082 0 $a595.79 245 10$aAmphibia /$ca cura di Benedetto Lanza ... [et al.] 260 $aBologna :$bCalderini,$c[2007] 300 $axi, 537 p. :$bill. ;$c25 cm 440 0$aFauna d'Italia ;$v42 650 4$aAmphibians 700 1 $aLanza, Benedetto 700 1 $aAndreone, Franco 907 $a.b13788917$b16-03-09$c14-11-08 912 $a991004030099707536 945 $aLE003 591 FAU01.01 42 (2007) RAM$g1$i2003000081688$lle003$op$pE62.00$q-$rl$s- $t0$u2$v19$w2$x0$y.i14943323$z16-03-09 996 $aAmphibia$91224589 997 $aUNISALENTO 998 $ale003$b01-01-02$cm$da $e-$fita$git $h0$i0 LEADER 01940nam 2200421Ia 450 001 9910697707403321 005 20081121115927.0 035 $a(CKB)5470000002391903 035 $a(OCoLC)276170041 035 $a(EXLCZ)995470000002391903 100 $a20081121d1996 ua 0 101 0 $aeng 135 $aurgn||||a|||| 181 $ctxt$2rdacontent 182 $cc$2rdamedia 183 $acr$2rdacarrier 200 10$aStreamflow and suspended-sediment loads before and during highway construction, North Halawa, Haiku, and Kamooali drainage basins, Oahu, Hawaii, 1983-91$b[electronic resource] /$fby Barry R. Hill ; prepared in cooperation with the State of Hawaii Department of Transportation 210 1$aHonolulu, Hawaii :$cU.S. Dept. of the Interior, U.S. Geological Survey ;$aDenver, CO :$cBranch of Information Services [distributor],$d1996. 215 $aiv, 34 pages $cDJVU, image file 225 1 $aWater-resources investigations report ;$v96-4259 300 $aTitle from title screen (viewed Nov. 21, 2008). 320 $aIncludes bibliographical references (pages 32-34). 517 3 $aStreamflow and suspended sediment loads before and during highway construction, North Halawa, Haiku, and Kamooalii drainage basins, Oahu, Hawaii, 1983-91 606 $aStreamflow$zHawaii$zOahu 606 $aSuspended sediments$zHawaii$zOahu 606 $aRoads$xEnvironmental aspects$zHawaii$zOahu 615 0$aStreamflow 615 0$aSuspended sediments 615 0$aRoads$xEnvironmental aspects 700 $aHill$b Barry R$0294390 712 02$aHawaii.$bDepartment of Transportation. 712 02$aGeological Survey (U.S.) 801 0$bGPO 801 1$bGPO 906 $aBOOK 912 $a9910697707403321 996 $aStreamflow and suspended-sediment loads before and during highway construction, North Halawa, Haiku, and Kamooali drainage basins, Oahu, Hawaii, 1983-91$93515105 997 $aUNINA